African-American folktales for young readers : including favorite stories from African and African-American storytellers /

A collection of folktales from the African-American oral tradition, presented as they have been told by professional black storytellers from Rhode Island to Oklahoma.

Bibliographic Details
Other Authors: Young, Richard, 1946 March 1-, Young, Judy Dockrey, 1949-
Format: Book
Language:English
Published: Little Rock : August House, [1993]
Edition:1st ed.
Series:American storytelling (Little Rock, Ark.)
Subjects:

MARC

Tag First Indicator Second Indicator Subfields
LEADER 00000cam a2200000 a 4500
001 in00001192821
005 20151002061213.0
008 921215s1993 arua j 000 0 eng
010 |a  92038264  
020 |a 0874833086 (hb) :  |c $18.95 
020 |a 0874833094 (pb) :  |c $9.95 
035 |a (OCoLC)27643065 
035 |9 AGJ2895AM 
040 |a DLC  |c DLC  |d TXA  |d UtOrBLW 
043 |a n-us--- 
049 |a TXAM 
050 0 0 |a PZ8.1  |b .A252 1993 
082 0 0 |a 398.2/08996073  |2 20 
245 0 0 |a African-American folktales for young readers :  |b including favorite stories from African and African-American storytellers /  |c collected and edited by Richard Alan Young and Judy Dockrey Young. 
250 |a 1st ed. 
264 1 |a Little Rock :  |b August House,  |c [1993] 
264 4 |c ©1993 
300 |a 176 pages :  |b illustrations ;  |c 22 cm. 
336 |a text  |b txt  |2 rdacontent 
337 |a unmediated  |b n  |2 rdamedia 
338 |a volume  |b nc  |2 rdacarrier 
490 1 |a American storytelling 
520 |a A collection of folktales from the African-American oral tradition, presented as they have been told by professional black storytellers from Rhode Island to Oklahoma. 
650 0 |a African Americans  |v Folklore. 
650 0 |a Tales  |z United States. 
650 1 |a Folklore  |z United States. 
650 1 |a Storytelling. 
700 1 |a Young, Richard,  |d 1946 March 1- 
700 1 |a Young, Judy Dockrey,  |d 1949- 
830 0 |a American storytelling (Little Rock, Ark.) 
999 |a MARS 
999 f f |s 73647ba3-9580-395e-a3fb-0861fe9d16d0  |i d4cd06ad-15df-39bc-bf50-49af399a8ef0  |t 0 
952 f f |p ric  |a Texas A&M University  |b Rellis Campus  |c Joint Library Facility  |d Remote Storage  |t 0  |e PZ8.1 .A252 1993  |h Library of Congress classification  |i unmediated -- volume  |m A14819104127 
952 f f |p normal  |a Texas A&M University  |b Galveston Campus  |c Jack K. Williams Library  |d Galveston Stacks  |t 0  |e PZ8.1 .A252 1993  |h Library of Congress classification  |i unmediated -- volume  |m 33620000775391 
952 f f |p noncirc  |a Texas A&M University  |b College Station  |c Cushing Memorial Library & Archives  |d Cushing: Area Studies/Africana (Does not check out)  |t 0  |e PZ8.1 .A252 1993  |h Library of Congress classification  |i unmediated -- volume 
998 f f |a PZ8.1 .A252 1993  |t 0  |l Cushing: Area Studies/Africana (Does not check out) 
998 f f |a PZ8.1 .A252 1993  |t 0  |l Galveston Stacks 
998 f f |a PZ8.1 .A252 1993  |t 0  |l Remote Storage